01164cam a2200325 a 4500952013600000999001700136001000900153003000400162005001700166008004100183010001700224015001900241016001800260020001800278035002300296040003900319042001400358050002300372082002200395100002600417245005900443260003200502300003500534650005200569650006700621650003900688700002400727906004500751942004200796 00102ddc40708PRODUCTIONaMESbMEScECO d2019-02-20g795.00l0o338.88 MEN/Ip37655r2019-02-20 00:00:00w2019-02-20yBKzGL8R2 c11309d1130916443881OSt20200130095805.0100902s2011 cauab 000 0 eng  a 2010936307 aGBA6841402bnb7 a0135679162Uk a9788132110361 a(OCoLC)ocm72150427 aUKMcUKMdBAKERdBTCTAdYDXCPdDLC alccopycat00aHD62.4b.M465 201104a338.88222bMEN/I a Menipaz , Ehud9162210aInternational business /cEhud Menipaz & Amit Menipaz. aLos Angeles :bSAGE,c2011. a649 p. :bill., maps ;c24 cm. 0aInternational business enterprisesxManagement. 0aInternational business enterprisesxMoral and ethical aspects. 0aSocial responsibility of business.1 aMenipaz, Amit91659 a7bcbcccopycatd2encipf20gy-gencatlg 2ddccBKh338.88iMEN/Ik338.88mMEN/I